Organizational behavior (Record no. 2582)

MARC details
000 -LEADER
fixed length control field 00702 a2200217 4500
020 ## - INTERNATIONAL STANDARD BOOK NUMBER
International Standard Book Number 8177581899
Terms of availability 350.00
035 ## - SYSTEM CONTROL NUMBER
System control number B-194420
037 ## - SOURCE OF ACQUISITION
Source of stock number/acquisition RP-ZLS-2662 / PANSY-06-07:11 / RP-06-07:ENG
082 ## - DEWEY DECIMAL CLASSIFICATION NUMBER
Classification number 658.1
090 ## - LOCALLY ASSIGNED LC-TYPE CALL NUMBER (OCLC); LOCAL CALL NUMBER (OCLC)
-- 2625
-- 2625
100 1# - MAIN ENTRY--PERSONAL NAME
Personal name Robbins, Stephen P.
245 1# - TITLE STATEMENT
Title Organizational behavior
Statement of responsibility, etc by Stephen P. Robbins, Seema Sanghi
250 ## - EDITION STATEMENT
Edition statement 11th ed.
260 ## - PUBLICATION, DISTRIBUTION, ETC. (IMPRINT)
Place of publication, distribution, etc Delhi
Name of publisher, distributor, etc Dorling Kindersley
Date of publication, distribution, etc 2006
270 ## - ADDRESS
Address 482, F.I.E. Patparganj
State or province Delhi
Postal code 110092
300 ## - PHYSICAL DESCRIPTION
Extent xxiv, 622 p
Dimensions 28 cm (pbk)
500 ## - GENERAL NOTE
General note Includes index
700 ## - ADDED ENTRY--PERSONAL NAME
Personal name Sanghi, Seema
942 ## - ADDED ENTRY ELEMENTS (KOHA)
Institution code [OBSOLETE] dpl
Koha item type English Books
Call number prefix 658.1 / ROB
Holdings
Withdrawn status Lost status Source of classification or shelving scheme Damaged status Not for loan Collection code Home library Current library Cost, normal purchase price Total Checkouts Full call number Barcode Date last seen Copy number Uniform Resource Identifier Cost, replacement price Price effective from Koha item type
    Dewey Decimal Classification     Non-fiction Sarojini Nagar Sarojini Nagar 350.00   658.1 ROB B-194420 15/09/2008 1 2755 350.00 15/09/2008 English Books

© Delhi Public Library
Hit Counter
free hit counter